000 00334nam a22001457a 4500
008 210311b ||||| |||| 00| 0 eng d
020 _a9780321927347
041 _aeng
080 _24th
_a510
082 _24th
_a510
100 _a36
101 _aMAT
245 _aElementary and Intermediate Algebra
_cAngel,R.A
942 _2udc
_cBK
999 _c56423
_d56423